Sample introduction in atomic spectroscopy /
Guardado en:
| Otros Autores: | |
|---|---|
| Formato: | Libro |
| Idioma: | English |
| Publicado: |
Amsterdam, Netherlands : New York, NY, U.S.A. :
Elsevier ; Distributors for the U.S. and Canada, Elsevier Science Pub. Co.,
c1990.
|
| Series: | Analytical spectroscopy library ;
v. 4 |
| Materias: | |
| Etiquetas: |
Agregar Etiqueta
Sin Etiquetas, Sea el primero en etiquetar este registro!
|
| LEADER | 00878cam a22002175a 4500 | ||
|---|---|---|---|
| 001 | EIQ.libpla000854 | ||
| 008 | 900328s1990####ne#a#####b####001#0#eng#d | ||
| 005 | 20060607190956.0 | ||
| 245 | 0 | 0 | |a Sample introduction in atomic spectroscopy / |c edited by Joseph Sneddon. |
| 260 | |a Amsterdam, Netherlands : |b Elsevier ; |a New York, NY, U.S.A. : |b Distributors for the U.S. and Canada, Elsevier Science Pub. Co., |c c1990. | ||
| 300 | |a xxix, 363 p. : |b il. ; |c 25 cm. | ||
| 440 | 0 | |a Analytical spectroscopy library ; |v v. 4 | |
| 504 | |a Incluye referencias bibliográficas e índice. | ||
| 020 | |a 0444882294 | ||
| 700 | 1 | |a Sneddon, Joseph, |d 1951-, |e ed. |4 edt | |
| 082 | 0 | 0 | |a 543/.0858 |2 20 |
| 650 | 0 | |a Espectroscopía atómica |x Técnica. | |
| 650 | 0 | |a Atomic spectroscopy |x Technique. | |
| 010 | |a 90035542 | ||
| 040 | |a DLC |c DLC |d AR-BbSID | ||
| 859 | |a AR-BbSID |b BIB. PLAPIQUI |h 543.085 16 |i Sa 47 |p 3989 | ||
